<?xml version="1.0" encoding="UTF-8"?><?xml-stylesheet type="text/xsl" href="static/style.xsl"?><OAI-PMH xmlns="http://www.openarchives.org/OAI/2.0/" xmlns:xsi="http://www.w3.org/2001/XMLSchema-instance" xsi:schemaLocation="http://www.openarchives.org/OAI/2.0/ http://www.openarchives.org/OAI/2.0/OAI-PMH.xsd"><responseDate>2026-05-01T13:25:55Z</responseDate><request verb="GetRecord" identifier="oai:riubu.ubu.es:10259/8118" metadataPrefix="marc">https://riubu.ubu.es/oai/request</request><GetRecord><record><header><identifier>oai:riubu.ubu.es:10259/8118</identifier><datestamp>2023-11-25T01:05:29Z</datestamp><setSpec>com_10259.4_2498</setSpec><setSpec>com_10259_5086</setSpec><setSpec>com_10259_2604</setSpec><setSpec>col_10259.4_2499</setSpec></header><metadata><record xmlns="http://www.loc.gov/MARC21/slim" xmlns:doc="http://www.lyncode.com/xoai" xmlns:xsi="http://www.w3.org/2001/XMLSchema-instance" xmlns:dcterms="http://purl.org/dc/terms/" xsi:schemaLocation="http://www.loc.gov/MARC21/slim http://www.loc.gov/standards/marcxml/schema/MARC21slim.xsd">
<leader>00925njm 22002777a 4500</leader>
<datafield tag="042" ind1=" " ind2=" ">
<subfield code="a">dc</subfield>
</datafield>
<datafield tag="720" ind1=" " ind2=" ">
<subfield code="a">Chicharro Merayo, María del Mar</subfield>
<subfield code="e">author</subfield>
</datafield>
<datafield tag="260" ind1=" " ind2=" ">
<subfield code="c">2011-01</subfield>
</datafield>
<datafield tag="520" ind1=" " ind2=" ">
<subfield code="a">En la actualidad, la telenovela es una fórmula con una presencia institucionalizada en las parrillas televisivas, y que estructura importantes formatos de producción nacional. De ahí que el presente trabajo reflexione sobre la evolución de este género en el caso español. Tomando como punto de partida la emisión de telenovelas latinoamericanas, se señalarán las diferentes etapas en su desarrollo hasta su redefinición como modelo propio. Es así como se profundizará en los procesos y los recursos a través de los que se ha adaptado al público nacional.</subfield>
</datafield>
<datafield tag="520" ind1=" " ind2=" ">
<subfield code="a">Currently, the telenovela is a format that has an installed place in television schedule. It serves to structure relevant home-grown productions. That is why this paper reflects on the evolution of this genre in the Spanish case. Different stages in its development will be described, starting with the release of Latin American telenovelas and ending with its redefinition as a home-grown model. Afterward, we will explain the processes and resources it uses in order to adapt itself to national audiences.</subfield>
</datafield>
<datafield tag="024" ind2=" " ind1="8">
<subfield code="a">http://hdl.handle.net/10259/8118</subfield>
</datafield>
<datafield tag="024" ind2=" " ind1="8">
<subfield code="a">10.15581/003.24.36222</subfield>
</datafield>
<datafield tag="024" ind2=" " ind1="8">
<subfield code="a">2386-7876</subfield>
</datafield>
<datafield ind1=" " ind2=" " tag="653">
<subfield code="a">Telenovela</subfield>
</datafield>
<datafield ind1=" " ind2=" " tag="653">
<subfield code="a">Televisión</subfield>
</datafield>
<datafield ind1=" " ind2=" " tag="653">
<subfield code="a">Géneros televisivos</subfield>
</datafield>
<datafield ind1=" " ind2=" " tag="653">
<subfield code="a">España</subfield>
</datafield>
<datafield ind1=" " ind2=" " tag="653">
<subfield code="a">Television</subfield>
</datafield>
<datafield ind1=" " ind2=" " tag="653">
<subfield code="a">Television genres</subfield>
</datafield>
<datafield ind1=" " ind2=" " tag="653">
<subfield code="a">Spain</subfield>
</datafield>
<datafield tag="245" ind1="0" ind2="0">
<subfield code="a">Historia de la telenovela en España: aprendizaje, ensayo y apropiación de un género</subfield>
</datafield>
</record></metadata></record></GetRecord></OAI-PMH>